000 00693nam a2200229Ii 4500
003 JO-AjNU
008 230605s9999||||xx |||||||||||||| ||und||
017 _a16/0692
020 _a9960-759-95-4
040 _aJO-AjNU
_bara
_erda
_cJO-AjNU
041 _aara
050 1 4 _aBP128.35.1996
100 3 _aاعداد الحافظ، عمر بن موسى,
_eauthor
_948642
245 0 0 _aوقفات مع سورة التوبة
250 _aط1
264 3 1 _aالرياض: دار القاسم، 1996
300 _a60ص
336 _atext
_btxt
_2rdacontent
337 _aunmediated
_bn
_2rdamedia
338 _avolume
_bnc
_2rdacarrier
650 4 _aالقران الكريم - مباحث
_948643
999 _aA21316
_c24884
_d24884